Liste des 23 - Equipe du Brésil - Coupe du monde 2018 - Statistiques

Statistiques générales
  • Ce quiz a été pris 3 020 fois
  • Le résultat moyen est 11 sur 23
Statistiques - réponses
Poste Numéro Joueurs % Correct
A 10 Neymar Jr
97%
D 2 Thiago Silva
93%
G 23 Ederson
92%
G 1 Alisson Becker
91%
D 13 Marquinhos
85%
D 12 Marcelo
70%
M 5 Casemiro
66%
A 9 Gabriel Jesus
66%
M 11 Philippe Coutinho
61%
A 20 Roberto Firmino
50%
D 14 Danilo
44%
D 6 Filipe Luis
39%
M 18 Fred
36%
M 17 Fernandinho
33%
M 15 Paulinho
33%
A 19 Willian
30%
A 7 Douglas Costa
29%
D 3 Miranda
26%
M 8 Renato Augusto
20%
D 22 Fagner
8%
A 21 Taison
6%
G 16 Cassio
5%
D 4 Geromel
3%
Aucun quiz correspondant
Distribution des résultats
% des personnes avec chaque résultat
Percentile par nombre de réponses
Votre historique - résultats
Vous n’avez pas pris ce quiz